[Event "Glyfada New Year op"]
[Site "Glyfada"]
[Date "2011.01.08"]
[Round "6"]
[White "Trivizas, Mihail"]
[Black "Mihaloudis, Georgios"]
[Result "1-0"]
[WhiteElo "2067"]
[BlackElo "1700"]
[PlyCount "58"]
[EventDate "2011.01.02"]
[EventType "swiss"]
[EventRounds "7"]
[EventCountry "GRE"]
[SourceTitle "EXT 2024"]
[Source "ChessBase"]
[SourceDate "2023.10.10"]
[SourceVersion "1"]
[SourceVersionDate "2023.10.10"]
[SourceQuality "1"]

1. e4 c5 2. Nf3 d6 3. d4 cxd4 4. Nxd4 Nf6 5. Nc3 a6 6. f4 e6 7. Bd3 Be7 8. Qf3 Qc7 9. g4 Nc6 10. Nxc6 bxc6 11. g5 Nd7 12. Be3 d5 13. h4 Nc5 14. 0-0-0 Bb7 15. f5 0-0-0 16. f6 dxe4 17. Bxe4 gxf6 18. gxf6 Bd6 19. Rhg1 Nxe4 20. Nxe4 c5 21. Nxd6+ Rxd6 22. Qf2 Rxd1+ 23. Rxd1 Rg8 24. Bxc5 Rg2 25. Qd4 e5 26. Qe3 h5 27. c3 Rg4 28. Bb6 Re4 29. Qg1 Rd4 1-0

[Event "Nikaia op 18th"]
[Site "Nikaia"]
[Date "2010.08.21"]
[Round "3"]
[White "Vatkali, Dimitra"]
[Black "Trivizas, Mihail"]
[Result "0-1"]
[WhiteElo "1919"]
[BlackElo "2060"]
[PlyCount "88"]
[EventDate "2010.08.20"]
[EventType "swiss"]
[EventRounds "9"]
[EventCountry "GRE"]
[SourceTitle "CBM 138 Extra"]
[Source "ChessBase"]
[SourceDate "2010.10.29"]
[SourceVersion "1"]
[SourceVersionDate "2010.10.29"]
[SourceQuality "1"]

1. e4 c5 2. c3 Nf6 3. e5 Nd5 4. d4 cxd4 5. cxd4 e6 6. Nf3 Nc6 7. Nc3 Nxc3 8. bxc3 d6 9. exd6 Bxd6 10. Bd3 Be7 11. 0-0 0-0 12. Qe2 g6 13. Bb2 Bf6 14. Rfd1 Qa5 15. Nd2 Bg7 16. f4 Qc7 17. Rf1 b6 18. Ne4 Bb7 19. Ba3 Rfd8 20. Rac1 Rac8 21. Ng5 Na5 22. Bb2 Nc4 23. Ba1 Nd6 24. Rce1 Bd5 25. Qf2 Bc4 26. Bxc4 Qxc4 27. Qh4 h6 28. Nf3 Qxa2 29. g4 Qd5 30. Ne5 Nc4 31. Nxc4 Rxc4 32. f5 exf5 33. gxf5 g5 34. Qg3 Bf6 35. Qh3 Kg7 36. Re2 Rdc8 37. Rfe1 Rxc3 38. Bxc3 Rxc3 39. Qxc3 Bxd4+ 40. Qxd4+ Qxd4+ 41. Kf1 Qf4+ 42. Rf2 Qc4+ 43. Kg2 Kf6 44. Rd1 Qg4+ 0-1

[Event "Foivitika op"]
[Site "Foivitika"]
[Date "2009.11.07"]
[Round "3"]
[White "Trivizas, Mihail"]
[Black "Goumas, Georgios"]
[Result "1-0"]
[WhiteElo "2026"]
[BlackElo "2307"]
[PlyCount "119"]
[EventDate "2009.11.21"]
[EventType "swiss"]
[EventRounds "7"]
[EventCountry "GRE"]
[SourceTitle "EXT 2024"]
[Source "ChessBase"]
[SourceDate "2023.10.10"]
[SourceVersion "1"]
[SourceVersionDate "2023.10.10"]
[SourceQuality "1"]

1. e4 c5 2. Nf3 d6 3. d4 Nf6 4. Nc3 cxd4 5. Nxd4 Nc6 6. Bg5 e6 7. Qd2 Qb6 8. Bxf6 gxf6 9. 0-0-0 Qxd4 10. Qxd4 Nxd4 11. Rxd4 a6 12. Na4 Bd7 13. Nb6 Rd8 14. Nxd7 Rxd7 15. Be2 Rg8 16. g3 Rg5 17. Rhd1 Ke7 18. Rc4 Ra5 19. Kb1 f5 20. exf5 Rxf5 21. f4 Bg7 22. Rc8 h5 23. c3 Bf6 24. Kc2 h4 25. Bd3 Ra5 26. a3 hxg3 27. hxg3 Rh5 28. Rd2 Rh3 29. Rg2 d5 30. Be2 Kd6 31. Bg4 Rh7 32. Bf3 Bd8 33. c4 d4 34. Kd3 Rh1 35. Bxb7 Ke7 36. Bxa6 Re1 37. c5 Re3+ 38. Kc2 Ba5 39. Bd3 Be1 40. g4 Bg3 41. f5 Bf4 42. fxe6 fxe6 43. g5 Kf7 44. Rf2 e5 45. c6 Rd6 46. b4 Kg7 47. b5 e4 48. Rxf4 Rxd3 49. Rxe4 Rxa3 50. Rc7+ Kf8 51. Rd7 Rc3+ 52. Kd2 Rg6 53. Rexd4 Rc5 54. Rd8+ Ke7 55. R4d7+ Ke6 56. Rd6+ Kf5 57. Rd5+ Rxd5+ 58. Rxd5+ Ke6 59. c7 Kxd5 60. c8Q 1-0

[Event "Nikaia op 17th"]
[Site "Nikaia"]
[Date "2009.08.28"]
[Round "8"]
[White "Trivizas, Mihail"]
[Black "Gogolis, Alexandros"]
[Result "0-1"]
[WhiteElo "2026"]
[BlackElo "2275"]
[PlyCount "116"]
[EventDate "2009.08.22"]
[EventType "swiss"]
[EventRounds "9"]
[EventCountry "GRE"]
[SourceTitle "CBM 132 Extra"]
[Source "ChessBase"]
[SourceDate "2009.11.03"]
[SourceVersion "1"]
[SourceVersionDate "2009.11.03"]
[SourceQuality "1"]

1. e4 d5 2. exd5 Qxd5 3. Nc3 Qa5 4. d4 Nf6 5. Nf3 Bf5 6. Ne5 c6 7. Bf4 e6 8. Nc4 Qd8 9. Be2 Be7 10. 0-0 0-0 11. Bf3 Nd5 12. Bg3 Nb6 13. Na5 Qc8 14. Qe2 Rd8 15. Rad1 Bb4 16. Nb3 N8d7 17. Ne4 Bxe4 18. Bxe4 Nf6 19. Bd3 Bd6 20. c3 Qc7 21. Be5 Nbd7 22. f4 Re8 23. Rf3 g6 24. Nd2 c5 25. Nc4 Bxe5 26. fxe5 Nd5 27. Nd6 Re7 28. Ne4 cxd4 29. cxd4 Qb6 30. Qf2 Rf8 31. Nf6+ N7xf6 32. exf6 Rd7 33. Be4 Rfd8 34. Rb3 Qd6 35. Rf1 b6 36. Rh3 Nxf6 37. Qxf6 Qxd4+ 38. Qxd4 Rxd4 39. Re1 Rd2 40. Rb3 Kg7 41. Rc1 f5 42. Rc7+ R8d7 43. Rxd7+ Rxd7 44. Bc6 Rd2 45. a4 Kf6 46. Bb5 h5 47. h4 Rd4 48. g3 Rd2 49. Rb4 e5 50. Rc4 e4 51. Rc6+ Ke5 52. Rxg6 Rxb2 53. Rg5 e3 54. Rxh5 Ke4 55. Bc6+ Ke5 56. Bd7 Rb1+ 57. Kg2 e2 58. Rxf5+ Kd6 0-1

[Event "Ambelokipi op 089th"]
[Site "Athens"]
[Date "2008.09.13"]
[Round "3"]
[White "Stamatiadis, Georgios"]
[Black "Trivizas, Mihail"]
[Result "1-0"]
[WhiteElo "1727"]
[BlackElo "2055"]
[PlyCount "75"]
[EventDate "2008.09.06"]
[EventType "swiss"]
[EventRounds "6"]
[EventCountry "GRE"]
[SourceTitle "EXT 2024"]
[Source "ChessBase"]
[SourceDate "2023.10.10"]
[SourceVersion "1"]
[SourceVersionDate "2023.10.10"]
[SourceQuality "1"]

1. d4 d5 2. c4 dxc4 3. Nf3 Nf6 4. e3 e6 5. Bxc4 c5 6. 0-0 Nc6 7. Qe2 cxd4 8. Rd1 Be7 9. exd4 a6 10. Nc3 Na5 11. Bd3 b5 12. Bg5 Bb7 13. Rac1 0-0 14. Bb1 Rc8 15. a3 Rc7 16. Qd3 g6 17. Bf4 Rc8 18. Ba2 Nc4 19. Bxc4 Rxc4 20. Ne5 Rc8 21. f3 Qa5 22. Bg5 Rfd8 23. Qe3 Rd6 24. Qf4 Qd8 25. Kh1 Kg7 26. Bh6+ Kg8 27. g4 Qe8 28. Kg2 Nd5 29. Nxd5 Rxd5 30. Rxc8 Bxc8 31. Rc1 Bd7 32. g5 a5 33. Rc7 b4 34. axb4 axb4 35. Rb7 Ba4 36. Rb8 Rd8 37. Rxd8 Bxd8 38. Ng4 1-0

[Event "Nikaia Fysiolatriko op 06th"]
[Site "Nikaia"]
[Date "2008.06.24"]
[Round "5"]
[White "Trivizas, Mihail"]
[Black "Managadze, Nikoloz"]
[Result "0-1"]
[WhiteElo "2055"]
[BlackElo "2444"]
[PlyCount "31"]
[EventDate "2008.06.21"]
[EventType "swiss"]
[EventRounds "7"]
[EventCountry "GRE"]
[SourceTitle "EXT 2010"]
[Source "ChessBase"]
[SourceDate "2010.11.25"]
[SourceVersion "1"]
[SourceVersionDate "2010.11.25"]
[SourceQuality "1"]

1. d4 Nf6 2. c4 c5 3. d5 b5 4. cxb5 a6 5. bxa6 Bxa6 6. Nc3 d6 7. Bg5 Nbd7 8. Qd2 h6 9. Bf4 g5 10. Bg3 Nh5 11. Qe3 Qb6 12. b3 Bg7 13. Rc1 f5 14. Qf3 Nxg3 15. hxg3 Qb4 16. Qe3 0-1

[Event "Ambelokipi op 82nd"]
[Site "Athens"]
[Date "2007.11.14"]
[Round "4"]
[White "Kakadelis, Stratos"]
[Black "Trivizas, Mihail"]
[Result "1-0"]
[WhiteElo "2096"]
[BlackElo "2051"]
[PlyCount "51"]
[EventDate "2007.11.03"]
[EventType "swiss"]
[EventRounds "7"]
[EventCountry "GRE"]
[SourceTitle "EXT 2024"]
[Source "ChessBase"]
[SourceDate "2023.10.10"]
[SourceVersion "1"]
[SourceVersionDate "2023.10.10"]
[SourceQuality "1"]

1. c4 Nf6 2. d4 e6 3. Nf3 b6 4. g3 Ba6 5. b3 Bb4+ 6. Bd2 Be7 7. Bg2 0-0 8. Ne5 c6 9. 0-0 d5 10. Bc3 Nfd7 11. Nxd7 Nxd7 12. Nd2 f5 13. cxd5 cxd5 14. a3 Rc8 15. Bb4 Rc7 16. Nf3 Bxb4 17. axb4 Qe7 18. Rxa6 Qxb4 19. Qa1 Ra8 20. Rc1 Rxc1+ 21. Qxc1 Qb5 22. Ra2 Qxb3 23. Rc2 Nf8 24. Ne5 a5 25. Rc7 Qb4 26. Qg5 1-0

[Event "Ambelokipi op 82nd"]
[Site "Athens"]
[Date "2007.11.10"]
[Round "3"]
[White "Trivizas, Mihail"]
[Black "Kesoglou, Konstantinos"]
[Result "1-0"]
[WhiteElo "2051"]
[BlackElo "2132"]
[PlyCount "113"]
[EventDate "2007.11.03"]
[EventType "swiss"]
[EventRounds "7"]
[EventCountry "GRE"]
[SourceTitle "EXT 2024"]
[Source "ChessBase"]
[SourceDate "2023.10.10"]
[SourceVersion "1"]
[SourceVersionDate "2023.10.10"]
[SourceQuality "1"]

1. e4 c5 2. Nf3 Nc6 3. Bb5 d6 4. 0-0 Bd7 5. Re1 e6 6. c3 a6 7. Ba4 b5 8. Bc2 e5 9. d4 cxd4 10. cxd4 Bg4 11. Be3 Be7 12. Nc3 Nf6 13. Rc1 exd4 14. Bxd4 Nxd4 15. Qxd4 0-0 16. Nd2 Qd7 17. Nf1 Qa7 18. Qd2 Bh5 19. Ne3 Bg6 20. Ned5 Nxd5 21. Nxd5 Bd8 22. a4 Rb8 23. axb5 axb5 24. Ra1 Qb7 25. Nb4 Rc8 26. Bd3 f6 27. Nd5 Bf7 28. Nc3 Be8 29. Be2 b4 30. Nd5 Rb8 31. Ba6 Qf7 32. Bc4 Kh8 33. b3 Qb7 34. Nf4 Bf7 35. Bxf7 Qxf7 36. Nd5 Bb6 37. Kh1 Bc5 38. f3 Rfe8 39. Ra5 f5 40. e5 Rbc8 41. f4 Rcd8 42. h3 h6 43. Qd3 Rc8 44. Rb5 dxe5 45. fxe5 Red8 46. e6 Qa7 47. Qxf5 Rf8 48. Qe4 Bf2 49. e7 Rfe8 50. Rf1 Bg3 51. Qg6 Be5 52. Nb6 Qxe7 53. Nxc8 Rxc8 54. Qf5 Re8 55. Re1 Rf8 56. Qxe5 Rf1+ 57. Rxf1 1-0

[Event "Ambelokipi op 82nd"]
[Site "Athens"]
[Date "2007.11.05"]
[Round "1"]
[White "Tourkolias, Dimitrios"]
[Black "Trivizas, Mihail"]
[Result "0-1"]
[WhiteElo "1880"]
[BlackElo "2051"]
[PlyCount "46"]
[EventDate "2007.11.03"]
[EventType "swiss"]
[EventRounds "7"]
[EventCountry "GRE"]
[SourceTitle "EXT 2024"]
[Source "ChessBase"]
[SourceDate "2023.10.10"]
[SourceVersion "1"]
[SourceVersionDate "2023.10.10"]
[SourceQuality "1"]

1. e4 e5 2. f4 exf4 3. Nf3 Nf6 4. e5 Nh5 5. d4 d6 6. Qe2 Qe7 7. Nc3 c6 8. Ne4 dxe5 9. dxe5 Qb4+ 10. Bd2 Qxb2 11. Rd1 Be6 12. Nfg5 g6 13. Nxe6 fxe6 14. Bc3 Bb4 15. Qd2 Bxc3 16. Nxc3 Qb6 17. Be2 0-0 18. Bxh5 gxh5 19. Rf1 Qa5 20. Qd4 Na6 21. Rd3 Nb4 22. Rd2 Rad8 23. Qc4 Qxe5+ 0-1

[Event "Ambelokipi op 75th"]
[Site "Athens"]
[Date "2007.01.20"]
[Round "3"]
[White "Savoglou, Nikolaos"]
[Black "Trivizas, Mihail"]
[Result "1/2-1/2"]
[WhiteElo "1890"]
[BlackElo "2037"]
[PlyCount "113"]
[EventDate "2007.01.13"]
[EventType "swiss"]
[EventRounds "7"]
[EventCountry "GRE"]
[SourceTitle "CBM 116 Extra"]
[Source "ChessBase"]
[SourceDate "2007.03.07"]
[SourceVersion "1"]
[SourceVersionDate "2007.03.07"]
[SourceQuality "1"]

1. d4 Nf6 2. c4 e6 3. Nc3 Bb4 4. Nf3 c5 5. g3 0-0 6. Bg2 cxd4 7. Nxd4 d5 8. cxd5 Nxd5 9. Bd2 Nxc3 10. bxc3 Bc5 11. Nb3 Be7 12. 0-0 Qc7 13. Qc2 Bd7 14. a4 Nc6 15. Rfc1 Rac8 16. Qe4 e5 17. Be3 b6 18. a5 Be6 19. axb6 axb6 20. Nd2 Rfd8 21. Qb1 Bc5 22. Bxc5 bxc5 23. Nf3 Rb8 24. Qe4 Bd5 25. Qe3 Qe7 26. Rab1 f6 27. Nd2 Bxg2 28. Kxg2 Na5 29. Rxb8 Rxb8 30. Qe4 Qe6 31. Ra1 f5 32. Qa4 Qd5+ 33. Nf3 Nb3 34. c4 Qb7 35. Rd1 e4 36. Ne5 e3+ 37. Qc6 Qxc6+ 38. Nxc6 exf2 39. Kxf2 Rb6 40. Ne5 Nd4 41. Nd3 Ne6 42. Ne5 g5 43. Rd5 Rb2 44. Nf3 g4 45. Nh4 Rc2 46. Nxf5 Rxc4 47. Ne3 Re4 48. Nd1 Kf7 49. e3 Rc4 50. Ke2 Kf6 51. Nf2 Ng5 52. Kd3 Ra4 53. Rxc5 h5 54. Rc4 Ra3+ 55. Rc3 Ra2 56. Rc2 Ra3+ 57. Rc3 1/2-1/2

[Event "Athens Glyfada op"]
[Site "Athens"]
[Date "2006.12.31"]
[Round "7"]
[White "Koerant, Filipos"]
[Black "Trivizas, Mihail"]
[Result "1-0"]
[WhiteElo "2102"]
[BlackElo "2042"]
[PlyCount "59"]
[EventDate "2006.12.22"]
[EventType "swiss"]
[EventRounds "7"]
[EventCountry "GRE"]
[SourceTitle "EXT 2024"]
[Source "ChessBase"]
[SourceDate "2023.10.10"]
[SourceVersion "1"]
[SourceVersionDate "2023.10.10"]
[SourceQuality "1"]

1. d4 Nf6 2. c4 e6 3. Nf3 b6 4. Nc3 Bb4 5. Bg5 0-0 6. Qc2 h6 7. Bxf6 Qxf6 8. e4 Nc6 9. e5 Qf4 10. a3 Be7 11. Ne2 Qg4 12. h3 Qg6 13. Qc3 f6 14. Ng3 fxe5 15. dxe5 a5 16. Bd3 Qe8 17. 0-0 a4 18. Bc2 g6 19. Qd3 Kg7 20. h4 Rh8 21. Rfe1 Ra7 22. Rad1 Nb8 23. Re4 h5 24. Rf4 Bb7 25. Ne4 Bc6 26. Neg5 Rf8 27. Rxf8 Bxf8 28. Ne4 Na6 29. Nf6 Qf7 30. Ng5 1-0

[Event "Ambelokipi op 73rd"]
[Site "Athens"]
[Date "2006.11.18"]
[Round "5"]
[White "Trivizas, Mihail"]
[Black "Khetsuriani, Besarion"]
[Result "0-1"]
[WhiteElo "2051"]
[BlackElo "2393"]
[PlyCount "94"]
[EventDate "2006.11.04"]
[EventType "swiss"]
[EventRounds "7"]
[EventCountry "GRE"]
[SourceTitle "EXT 2008"]
[Source "ChessBase"]
[SourceDate "2007.11.25"]
[SourceVersion "1"]
[SourceVersionDate "2007.11.25"]
[SourceQuality "1"]

1. d4 d6 2. Nf3 g6 3. c4 Bg7 4. Nc3 Bg4 5. e4 Nc6 6. Be3 e5 7. d5 Nd4 8. Be2 Bxf3 9. Bxf3 Ne7 10. Be2 c5 11. dxc6 bxc6 12. 0-0 0-0 13. f3 Rb8 14. b3 d5 15. Bg5 f6 16. Bh4 Kh8 17. cxd5 cxd5 18. Nxd5 Nxd5 19. exd5 Qxd5 20. Bc4 Qb7 21. Qd2 Rfd8 22. Qa5 Qb6 23. Qxb6 axb6 24. Rfd1 Rd6 25. a4 Rbd8 26. Kf1 Nc2 27. Rxd6 Rxd6 28. Rc1 Ne3+ 29. Kg1 Bh6 30. Bb5 g5 31. Bf2 g4 32. Re1 Nc2 33. Re4 gxf3 34. gxf3 Rd1+ 35. Kg2 Nd4 36. Bc4 Rd2 37. Kf1 Nxf3 38. Bxb6 Nxh2+ 39. Ke1 Nf3+ 40. Kf1 Rd6 41. Be3 f5 42. Bxh6 fxe4 43. Be3 h5 44. a5 h4 45. a6 h3 46. a7 Rd1+ 47. Kf2 Nh2 0-1

[Event "Kallithea op"]
[Site "Kallithea"]
[Date "2004.09.11"]
[Round "3"]
[White "Trivizas, Mihail"]
[Black "Kostouros, Alexandros"]
[Result "1/2-1/2"]
[WhiteElo "2063"]
[BlackElo "2217"]
[PlyCount "76"]
[EventDate "2004.09.09"]
[EventType "swiss"]
[EventRounds "9"]
[EventCountry "GRE"]
[SourceTitle "EXT 2006"]
[Source "ChessBase"]
[SourceDate "2005.11.24"]
[SourceVersion "1"]
[SourceVersionDate "2005.11.24"]
[SourceQuality "1"]

1. d4 d5 2. c4 dxc4 3. Nf3 c5 4. e3 cxd4 5. exd4 Nf6 6. Bxc4 e6 7. 0-0 Be7 8. Ne5 0-0 9. Nc3 Nbd7 10. Bb3 Nxe5 11. dxe5 Qxd1 12. Bxd1 Nd5 13. Nxd5 exd5 14. Bb3 Rd8 15. Rd1 Be6 16. Be3 b6 17. Rac1 Rac8 18. Rxc8 Rxc8 19. f4 Bc5 20. Kf2 Kf8 21. Bd4 Bxd4+ 22. Rxd4 Ke7 23. Kf3 h5 24. h3 Rc5 25. g4 hxg4+ 26. hxg4 g6 27. Kg3 a5 28. Kh4 b5 29. Kg5 a4 30. Bd1 Rc4 31. Rd2 d4 32. f5 gxf5 33. gxf5 Bd5 34. Be2 Rc5 35. a3 Bc4 36. Kf4 Bxe2 37. Rxe2 f6 38. exf6+ Kxf6 1/2-1/2

[Event "Athens Siaperas Memorial 1st"]
[Site "Athens"]
[Date "2004.??.??"]
[Round "4"]
[White "Karagiannis, Athanasios"]
[Black "Trivizas, Mihail"]
[Result "0-1"]
[WhiteElo "2343"]
[BlackElo "2034"]
[PlyCount "49"]
[EventDate "2004.??.??"]
[EventType "swiss"]
[EventRounds "7"]
[EventCountry "GRE"]
[SourceTitle "EXT 2006"]
[Source "ChessBase"]
[SourceDate "2005.11.24"]
[SourceVersion "1"]
[SourceVersionDate "2005.11.24"]
[SourceQuality "1"]

1. d4 d5 2. Nf3 e6 3. c4 c6 4. Nc3 dxc4 5. a4 Bb4 6. g3 Nf6 7. Bg2 Nd5 8. Qc2 0-0 9. 0-0 b5 10. axb5 Bxc3 11. bxc3 cxb5 12. Ng5 g6 13. e4 Nc7 14. e5 Nd5 15. Ne4 Bb7 16. Bh6 Nd7 17. Qd2 f6 18. Bxf8 Qxf8 19. exf6 N7xf6 20. Nc5 Bc8 21. Rfe1 a5 22. Nxe6 Bxe6 23. Rxe6 b4 24. Qg5 Rd8 25. Rxa5 0-1

[Event "Nikaia op 12th"]
[Site "Nikaia"]
[Date "2004.??.??"]
[Round "3"]
[White "Sigalas, Frangiskos"]
[Black "Trivizas, Mihail"]
[Result "1-0"]
[WhiteElo "2275"]
[BlackElo "2060"]
[PlyCount "45"]
[EventDate "2004.08.??"]
[EventType "swiss"]
[EventRounds "9"]
[EventCountry "GRE"]
[SourceTitle "EXT 2007"]
[Source "ChessBase"]
[SourceDate "2006.11.23"]
[SourceVersion "1"]
[SourceVersionDate "2006.11.23"]
[SourceQuality "1"]

1. e4 c5 2. Nf3 d6 3. d4 cxd4 4. Nxd4 Nf6 5. Nc3 a6 6. Bg5 e6 7. f4 Qb6 8. Qd2 Qxb2 9. Nb3 Qa3 10. Bxf6 gxf6 11. Be2 Nd7 12. 0-0 h5 13. Rad1 b5 14. f5 Bb7 15. fxe6 fxe6 16. e5 Rc8 17. exf6 Qb2 18. Qg5 Ne5 19. Bxh5+ Nf7 20. Bxf7+ Kxf7 21. Rxd6 Rc7 22. Qg4 Qxc3 23. Qxe6+ 1-0

[Event "Athens Acropolis op"]
[Site "Athens"]
[Date "2003.08.25"]
[Round "1"]
[White "Trivizas, Mihail"]
[Black "Dobrov, Vladimir"]
[Result "0-1"]
[WhiteElo "2039"]
[BlackElo "2469"]
[PlyCount "76"]
[EventDate "2003.08.25"]
[EventType "swiss"]
[EventRounds "9"]
[EventCountry "GRE"]
[SourceTitle "EXT 2004"]
[Source "ChessBase"]
[SourceDate "2003.11.25"]
[SourceVersion "1"]
[SourceVersionDate "2003.11.25"]
[SourceQuality "1"]

1. Nf3 Nf6 2. c4 e6 3. d4 d5 4. Nc3 c6 5. cxd5 exd5 6. Bg5 h6 7. Bh4 Bf5 8. Qb3 b5 9. e3 a5 10. Ne5 a4 11. Qd1 a3 12. Bxf6 gxf6 13. Nd3 Bxd3 14. Bxd3 axb2 15. Rb1 Ra3 16. Ne2 Qa5+ 17. Kf1 Rxa2 18. g3 Na6 19. Kg2 Nb4 20. Bf5 Bd6 21. Nf4 Qa8 22. Nh5 Kd8 23. Nxf6 Kc7 24. Qh5 Qf8 25. e4 dxe4 26. Rhe1 Nd5 27. Nxd5+ cxd5 28. Bg4 f5 29. Bxf5 Qf6 30. Re2 Rf8 31. Bg4 Qxd4 32. Rc2+ Bc5 33. f4 Kb6 34. Qxh6+ Qf6 35. Qh5 Rd8 36. Qh7 Ra7 37. Qh5 Bd4 38. Bh3 Ra1 0-1

[Event "Greece Christmas op"]
[Site "Greece"]
[Date "2003.??.??"]
[Round "7"]
[White "Halas, Ioannis"]
[Black "Trivizas, Mihail"]
[Result "1-0"]
[WhiteElo "2095"]
[BlackElo "2034"]
[PlyCount "59"]
[EventDate "2003.??.??"]
[EventType "swiss"]
[EventRounds "7"]
[EventCountry "GRE"]
[SourceTitle "EXT 2006"]
[Source "ChessBase"]
[SourceDate "2005.11.24"]
[SourceVersion "1"]
[SourceVersionDate "2005.11.24"]
[SourceQuality "1"]

1. e4 e6 2. d4 d5 3. Nd2 c5 4. exd5 Qxd5 5. Ngf3 cxd4 6. Bc4 Qd6 7. 0-0 Nf6 8. Nb3 a6 9. Nbxd4 Be7 10. Qe2 b5 11. Bb3 Bb7 12. Bg5 Nc6 13. Rad1 Nxd4 14. Nxd4 Qb6 15. a4 bxa4 16. Bxa4+ Kf8 17. Bb3 h6 18. Be3 Qa5 19. Bf4 Bd5 20. Rfe1 g6 21. c4 Be4 22. Bg3 Bb4 23. Rf1 Kg7 24. f3 Bb7 25. Be5 Rhd8 26. Kh1 Bd6 27. Nxe6+ fxe6 28. Bxd6 Qb6 29. Qxe6 Qxb3 30. Be5 1-0

[Event "Greece Christmas op"]
[Site "Greece"]
[Date "2003.??.??"]
[Round "5"]
[White "Trivizas, Mihail"]
[Black "Mihaloudis, Georgios"]
[Result "1-0"]
[WhiteElo "2034"]
[BlackElo "1510"]
[PlyCount "45"]
[EventDate "2003.??.??"]
[EventType "swiss"]
[EventRounds "7"]
[EventCountry "GRE"]
[SourceTitle "EXT 2006"]
[Source "ChessBase"]
[SourceDate "2005.11.24"]
[SourceVersion "1"]
[SourceVersionDate "2005.11.24"]
[SourceQuality "1"]

1. d4 Nf6 2. Bg5 Ne4 3. Bf4 e6 4. f3 Nf6 5. e4 d6 6. Qd2 Nbd7 7. Be3 c5 8. c3 cxd4 9. cxd4 g6 10. Nc3 a6 11. g4 Bg7 12. g5 Nh5 13. Nge2 Qa5 14. Ng3 e5 15. Nxh5 gxh5 16. d5 Qd8 17. 0-0-0 f6 18. h4 Rf8 19. Kb1 fxg5 20. hxg5 Rxf3 21. Be2 Rg3 22. Bxh5+ Kf8 23. Qf2+ 1-0

[Event "Glyfada op 3rd"]
[Site "Glyfada"]
[Date "2001.09.01"]
[Round "2"]
[White "Petrov, Marian"]
[Black "Trivizas, Mihail"]
[Result "1-0"]
[WhiteElo "2463"]
[BlackElo "2037"]
[PlyCount "43"]
[EventDate "2001.08.31"]
[EventType "swiss"]
[EventRounds "9"]
[EventCountry "GRE"]
[SourceTitle "EXT 2002"]
[Source "ChessBase"]
[SourceDate "2001.11.25"]
[SourceVersion "1"]
[SourceVersionDate "2001.11.25"]
[SourceQuality "1"]

1. e4 c5 2. Nf3 e6 3. c3 d5 4. e5 Nc6 5. d4 Qb6 6. a3 a5 7. Bd3 Bd7 8. 0-0 cxd4 9. cxd4 Nxd4 10. Nxd4 Qxd4 11. Nc3 f5 12. exf6 Qxf6 13. Re1 Be7 14. Nb5 Rc8 15. Bd2 Bc5 16. Be3 Qe7 17. Bxc5 Rxc5 18. Qh5+ Kf8 19. Nd4 Qf6 20. Re5 Qf4 21. Nb3 Nf6 22. g3 1-0

[Event "Nikaia op 09th"]
[Site "Nikaia"]
[Date "2001.08.20"]
[Round "3"]
[White "Shahtahtinsky, Alekper"]
[Black "Trivizas, Mihail"]
[Result "1-0"]
[WhiteElo "2342"]
[BlackElo "2037"]
[PlyCount "92"]
[EventDate "2001.08.18"]
[EventType "swiss"]
[EventRounds "9"]
[EventCountry "GRE"]
[SourceTitle "EXT 2002"]
[Source "ChessBase"]
[SourceDate "2001.11.25"]
[SourceVersion "1"]
[SourceVersionDate "2001.11.25"]
[SourceQuality "1"]

1. d4 d5 2. c4 dxc4 3. Nf3 Nf6 4. e3 e6 5. Bxc4 c5 6. 0-0 cxd4 7. exd4 Nc6 8. Nc3 Be7 9. Bf4 a6 10. Rc1 0-0 11. Bb3 Bd7 12. Ne5 Be8 13. d5 exd5 14. Nxd5 Nxd5 15. Bxd5 Bf6 16. Nxc6 Bxc6 17. Bxc6 bxc6 18. b3 Rc8 19. Rc4 Qa5 20. Qc2 Rfd8 21. h3 h6 22. Rc1 Rd4 23. Rc5 Qb4 24. Be3 Rd6 25. Qe2 Re8 26. Rxc6 Bg5 27. Qxa6 Bxe3 28. fxe3 Rxc6 29. Qxc6 Rxe3 30. Qc8+ Qf8 31. Qxf8+ Kxf8 32. Kf2 Rd3 33. Rc2 Ke7 34. Ke1 f5 35. Rd2 Rc3 36. Re2+ Kd6 37. Kd2 Rg3 38. Kc2 f4 39. a4 Kc5 40. Kb2 g5 41. Ka3 f3 42. gxf3 Rxf3 43. h4 gxh4 44. Re6 h5 45. Re5+ Kb6 46. Rxh5 h3 1-0

[Event "Epikinonias op 4th"]
[Site "Athens"]
[Date "2000.05.26"]
[Round "6"]
[White "Andronis, Vasilios"]
[Black "Trivizas, Mihail"]
[Result "0-1"]
[WhiteElo "2033"]
[BlackElo "2069"]
[PlyCount "78"]
[EventDate "2000.05.07"]
[EventType "swiss"]
[EventRounds "9"]
[EventCountry "GRE"]
[SourceTitle "EXT 2004"]
[Source "ChessBase"]
[SourceDate "2003.11.25"]
[SourceVersion "1"]
[SourceVersionDate "2003.11.25"]
[SourceQuality "1"]

1. c4 e6 2. Nc3 d5 3. d4 c6 4. cxd5 exd5 5. Nf3 Bf5 6. Bg5 Qb6 7. Qd2 Nd7 8. e3 Ngf6 9. a3 Bd6 10. Be2 a5 11. 0-0 0-0 12. Rac1 Rfc8 13. Nh4 Be6 14. Bf4 Bxf4 15. exf4 Ne4 16. Nxe4 dxe4 17. f5 Bd5 18. Rc3 Qd8 19. Qf4 Qf6 20. Rd1 b5 21. Rh3 Nf8 22. g4 g5 23. Qg3 gxh4 24. Rxh4 Re8 25. Rh5 Rad8 26. Qf4 Kh8 27. g5 Qg7 28. Qe3 Bc4 29. Bg4 f6 30. g6 Kg8 31. Kh1 hxg6 32. fxg6 Rd5 33. Bf5 c5 34. Rg1 cxd4 35. Qh3 Ree5 36. Rh7 Rxf5 37. Rxg7+ Kxg7 38. Rg4 Be2 39. Rg3 d3 0-1